[Event "Krapina op 12th"]
[Site "Krapina"]
[Date "2024.01.21"]
[Round "6"]
[White "Prihoda, Leonardo"]
[Black "Lisjak, Josip"]
[Result "1-0"]
[WhiteElo "1987"]
[BlackElo "1778"]
[PlyCount "117"]
[EventDate "2024.01.19"]
[EventType "swiss"]
[EventRounds "7"]
[EventCountry "CRO"]
[SourceTitle "CBM 218 Extra"]
[Source "ChessBase"]
[SourceDate "2024.03.31"]
[SourceVersion "1"]
[SourceVersionDate "2024.03.31"]
[SourceQuality "1"]

1. d4 Nf6 2. Nf3 g6 3. g3 d5 4. Bg2 Bg7 5. c4 e6 6. Nc3 0-0 7. 0-0 b6 8. cxd5 Nxd5 9. Nxd5 exd5 10. b4 Re8 11. Bg5 f6 12. Bd2 Ba6 13. Re1 g5 14. a4 Bc4 15. Bc3 c6 16. Nd2 Ba6 17. b5 Bb7 18. bxc6 Nxc6 19. Qb3 Ne7 20. a5 Kh8 21. Rab1 Nc8 22. e3 Rb8 23. axb6 axb6 24. Bb4 Bf8 25. Bxf8 Rxf8 26. Rec1 Ba8 27. Qc2 Qd7 28. Rb3 Nd6 29. Qc7 Qxc7 30. Rxc7 b5 31. Rc5 Nc4 32. Nf1 Rfc8 33. Rxc8+ Rxc8 34. Rxb5 Rd8 35. Bf3 Kg7 36. Rc5 Rd7 37. g4 Kf7 38. Ng3 Ke6 39. Nf5 Ra7 40. Kg2 Nd2 41. Rc2 Nxf3 42. Kxf3 h5 43. h3 hxg4+ 44. hxg4 Kd7 45. Rc1 Bc6 46. Rh1 Ke6 47. Rh8 Ba4 48. Rd8 Ra6 49. Kg3 Rb6 50. Rc8 Bd7 51. Rc7 Rb1 52. Kg2 Rb6 53. Ra7 Rc6 54. e4 dxe4 55. d5+ Kxd5 56. Rxd7+ Ke5 57. Ne3 Rc3 58. Re7+ Kf4 59. Nd5+ 1-0

[Event "Medjimurje Cup"]
[Site "Croatia "]
[Date "2020.03.08"]
[Round "5.3"]
[White "Srnec, Sladjan"]
[Black "Lisjak, Josip"]
[Result "1-0"]
[WhiteElo "1863"]
[BlackElo "1641"]
[PlyCount "75"]
[EventDate "2020.02.09"]
[EventType "team-swiss"]
[EventRounds "6"]
[EventCountry "CRO"]
[SourceTitle "CBM 195 Extra"]
[Source "ChessBase"]
[SourceDate "2020.05.31"]
[SourceVersion "1"]
[SourceVersionDate "2020.05.31"]
[SourceQuality "1"]

1. f4 Nf6 2. Nf3 d5 3. e3 g6 4. d4 Bg7 5. Bd3 0-0 6. Nbd2 b6 7. 0-0 c5 8. c3 Bb7 9. a3 Ne4 10. Qc2 f5 11. Ne5 Nd7 12. Nxd7 Qxd7 13. Nf3 Rac8 14. Qe2 e6 15. Bd2 Kh8 16. Be1 Rc7 17. Bh4 Rg8 18. Bxe4 dxe4 19. Ne5 Qa4 20. Rfd1 Rgc8 21. Rd2 Ba6 22. Qf2 Bxe5 23. fxe5 Bd3 24. Bf6+ Kg8 25. Qf4 b5 26. g4 b4 27. gxf5 bxc3 28. bxc3 exf5 29. d5 Qb3 30. d6 Rb7 31. Rad1 Qf7 32. h4 Rc6 33. Rg2 Rxd6 34. Qxf5 Qe6 35. Qf4 Rdb6 36. h5 Qf7 37. hxg6 hxg6 38. Qh6 1-0

[Event "Medjimurje Cup"]
[Site "Croatia "]
[Date "2020.03.01"]
[Round "4.3"]
[White "Gundic, Danijel"]
[Black "Lisjak, Josip"]
[Result "1/2-1/2"]
[WhiteElo "1718"]
[BlackElo "1641"]
[PlyCount "35"]
[EventDate "2020.02.09"]
[EventType "team-swiss"]
[EventRounds "6"]
[EventCountry "CRO"]
[SourceTitle "CBM 195 Extra"]
[Source "ChessBase"]
[SourceDate "2020.05.31"]
[SourceVersion "1"]
[SourceVersionDate "2020.05.31"]
[SourceQuality "1"]

1. d4 d5 2. Bf4 Nf6 3. e3 Bf5 4. c4 e6 5. Qb3 Nbd7 6. Nf3 b6 7. h3 Bd6 8. Ne5 Be4 9. Nc3 dxc4 10. Qxc4 Bb7 11. b4 Nd5 12. Nxd5 Bxd5 13. Qc3 Qe7 14. a3 a5 15. b5 Nxe5 16. dxe5 Bc5 17. Bg3 Qg5 18. Bf4 1/2-1/2

[Event "Medjimurske Team Cup"]
[Site "Nedelisce"]
[Date "2018.03.11"]
[Round "5.7"]
[White "Lisjak, Josip"]
[Black "Jancikic, Franjo"]
[Result "1/2-1/2"]
[WhiteElo "1637"]
[BlackElo "1792"]
[PlyCount "68"]
[EventDate "2018.02.11"]
[EventType "team-swiss"]
[EventRounds "6"]
[EventCountry "CRO"]
[SourceTitle "CBM 183 Extra"]
[Source "ChessBase"]
[SourceDate "2018.04.19"]
[SourceVersion "1"]
[SourceVersionDate "2018.04.19"]
[SourceQuality "1"]

1. e4 e5 2. Nf3 Nc6 3. Bc4 Bc5 4. 0-0 Nf6 5. Re1 0-0 6. c3 h6 7. b4 Bb6 8. Bb2 a6 9. a3 d6 10. h3 Be6 11. Bb3 Re8 12. Bxe6 fxe6 13. d4 exd4 14. cxd4 d5 15. e5 Ne4 16. Nbd2 Nxd2 17. Qxd2 Qe7 18. Qf4 Rf8 19. Qg4 Rae8 20. Rad1 a5 21. Nh4 Qf7 22. Rf1 Kh7 23. f4 axb4 24. f5 exf5 25. Rxf5 Qe6 26. axb4 Rxf5 27. Nxf5 g6 28. Ne3 Qxg4 29. Nxg4 Rd8 30. Bc3 g5 31. Kf2 Kg6 32. Ke2 h5 33. Ne3 Ne7 34. Rf1 Ra8 1/2-1/2

[Event "Medjimurske Team Cup"]
[Site "Nedelisce"]
[Date "2018.03.04"]
[Round "4.7"]
[White "Fodor, Ivan"]
[Black "Lisjak, Josip"]
[Result "1-0"]
[WhiteElo "1949"]
[BlackElo "1637"]
[PlyCount "103"]
[EventDate "2018.02.11"]
[EventType "team-swiss"]
[EventRounds "6"]
[EventCountry "CRO"]
[SourceTitle "CBM 183 Extra"]
[Source "ChessBase"]
[SourceDate "2018.04.19"]
[SourceVersion "1"]
[SourceVersionDate "2018.04.19"]
[SourceQuality "1"]

1. e4 e5 2. Nf3 Nc6 3. d3 Bc5 4. c3 Nf6 5. Be2 d6 6. 0-0 h6 7. a4 a5 8. Na3 d5 9. exd5 Nxd5 10. Nc4 Qe7 11. Re1 0-0 12. h3 Nb6 13. Ne3 Be6 14. Qc2 f5 15. Bf1 g5 16. b3 Qg7 17. Ba3 Bxa3 18. Rxa3 f4 19. Ng4 Nd7 20. d4 Bxg4 21. hxg4 Rac8 22. Bb5 Rfe8 23. Bxc6 bxc6 24. Qf5 Qf8 25. Qg6+ Qg7 26. Qxc6 exd4 27. Rxe8+ Rxe8 28. Nxd4 Re1+ 29. Kh2 Ne5 30. Qe6+ Kh8 31. Qc8+ Qg8 32. Qf5 Qh7 33. Qf8+ Qg8 34. Qxh6+ Qh7 35. Qxh7+ Kxh7 36. f3 Nd3 37. Ra2 Rf1 38. g3 Ne1 39. gxf4 gxf4 40. b4 axb4 41. cxb4 Nxf3+ 42. Kg2 Nxd4 43. Kxf1 Kg6 44. Rd2 Nc6 45. b5 Na5 46. Rd5 Kf6 47. Rf5+ Kg6 48. Rxf4 Kg5 49. Rb4 c6 50. b6 Nb7 51. Rc4 c5 52. a5 1-0

[Event "CRO-chT4B Center North"]
[Site "Croatia"]
[Date "2016.05.08"]
[Round "5.2"]
[White "Lisjak, Josip"]
[Black "Ziskovic, Nikola"]
[Result "1-0"]
[WhiteElo "1627"]
[BlackElo "1787"]
[PlyCount "91"]
[EventDate "2016.04.03"]
[EventType "team-tourn"]
[EventRounds "11"]
[EventCountry "CRO"]
[SourceTitle "EXT 2019"]
[Source "ChessBase"]
[SourceDate "2018.10.10"]
[SourceVersion "1"]
[SourceVersionDate "2018.10.10"]
[SourceQuality "1"]

1. e4 c5 2. Nf3 Nc6 3. d4 cxd4 4. Nxd4 d6 5. Nc3 g6 6. Bb5 Bd7 7. Be3 Bg7 8. 0-0 Nf6 9. h3 0-0 10. Qd2 Ne5 11. Be2 a6 12. Nf3 Nxf3+ 13. Bxf3 Bc6 14. Rad1 Qa5 15. Nd5 Qd8 16. Bb6 Qd7 17. Bd4 Nxd5 18. Bxg7 Kxg7 19. exd5 Bb5 20. Qd4+ Kg8 21. c4 Ba4 22. b3 Rac8 23. Bg4 f5 24. Be2 Qe8 25. bxa4 Qxa4 26. Qb2 b5 27. Qb3 Qa5 28. cxb5 Rc3 29. Qb2 Ra3 30. bxa6 Rxa2 31. Qb5 Qc3 32. Rc1 Qe5 33. Bc4 Rb2 34. Qc6 Qd4 35. Qc7 Kf7 36. Rce1 Re8 37. a7 f4 38. Re2 f3 39. Re3 fxg2 40. Rf3+ Kg7 41. Re1 Qh4 42. Qd7 Qh5 43. Rxe7+ Rxe7 44. Qxe7+ Kh6 45. Qf8+ Kg5 46. Qf4# 1-0